000 00553nam a2200241Ia 4500
003 OSt
005 20220924151716.0
006 a|||||r|||| 00| 0
007 ta
008 220923b |||||||| |||| 00| 0 tel d
020 _c10.00
024 _a338798
037 _cTextual
040 _aARTS
_cARTS
_btel
041 _2tel
_atel
082 _aV2'N8, 35N0
100 _aBhat
_9224808
245 0 _aGharshanalu
260 _c1990
650 _aHISTORY
942 _hV2'N8, 35N0
_cTEXL
_2CC
999 _c467494
_d467494